Statistics for Busser med norsk sidestilt 2023 (Vanskelig)

Click here to take the quiz!

General Stats

  • This quiz has been taken 60 times
  • The average score is 21 of 31

Answer Stats

HintAnswer% Correct
ÆrnaBabelaid/G
96%
LegendenCharabanc/Brannbuss
96%
TogetBundasliga/Tøfferud
94%
ParkenBar/Brorpolen
90%
LarvenDobermenn/GMANNG
88%
VulvaenJagger/Ballpit
88%
KukenTeten/Bulldåser
88%
Subben/MyggenMizaru/28 Busserulls
80%
KariBombora/Sting
78%
PungenChampagnes League/Bruderovet
78%
BiffenPyton/Big Kahuna
78%
SleikenSabana/Carrera
73%
DoningenNuts/Boiler Bus
71%
Arn2Arriba/Studio 23
69%
JesusHeftye/Rapture
69%
HuldraDouble O Seven/Maihem
67%
ArnaRon Jon/Schtekhouse
65%
BallaHeadturner/Dama Di
63%
MackenKing Of The Hill/Chiva
63%
KlittenTempo/Villbass
61%
KartongenThe Lab/Maddix
61%
KunstverketDisco Duck/RILF
57%
KiddenMedley/Ladyluck
57%
ØglaMaverick/Maifarer
55%
PittenKnockers/Kitz
51%
BienShred/Suzuka
51%
SledenBånndi/Fremad
47%
PappaPåtide/Judaskyss
47%
DronningenBlueprint/Lurebuss
43%
GubbenJitney/Flashback
39%
RakettenFullbooket/Blåtur
37%

Score Distribution

Percentile by Number Answered

Percent of People with Each Score

Your Score History

You have not taken this quiz